000 00731nam a2200265Ia 4500
003 OSt
005 20221006160333.0
006 a|||||r|||| 00| 0
007 ta
008 221006b |||||||| |||| 00| 0 kor d
020 _a9788992093330
_cW12,000
024 _a44,997
037 _bGift, Window on Korea
_cTextual
040 _aEASL
_cEASL
_bkor
041 _2kor
_akor
082 _aP495, Q3
100 _aHwang Gyeong Soo
_9672962
245 0 _aHanguka gyo yuk ul we han han guk a mun bap
260 _aSeoul
_bChung Woon Korea
_c2013
300 _a243p.
_ccm.
490 _v KL
650 _aKL
942 _hP495, Q3
_cTEXL
_2CC
999 _c1113089
_d1113089